000 00922cad a22001935a 4500
001 L150862
008 100908s2010 xxk 000 0 eng d
035 _a(Sirsi) u150862
041 0 _aeng
110 2 _aEC Harris
_94930
245 0 0 _aInternational focus on Romania
_bdespite the slump in property the industrial sector is stable
_h[electronic resource]
260 _a[S.l.]
_bECHarris
_c2010
520 _aRomania appears to be more organised to emerge from recession than some of its neighbours; overview of the real estate sector, indicative costs, international investors, construction workload, and prices; snapshot table of Romania's economy and construction.
590 _aKA NTK
651 4 _aRomania
690 _aBUILT ENVIRONMENT-CONSTRUCTION MARKET
856 4 0 _uhttps://www.echarris.com/pdf/7677_International%20Focus%20on%20Romania.pdf
_zView the item free of charge at www.echarris.com
942 _n0
999 _c111000
_d111000